000 00706nas a2200241 4500
001 BR9501594
003 BR-BrBNA
005 20231205094306.0
007 ta
008 230509b bl.|||p| |||| 00| 00por d
040 _aBR-BrBNA
_bpor
_cBiblioteca Nacional de Agricultura
041 _a(Pt)
072 _aM12
100 1 _aGiannini, R.
100 1 _aPaiva Filho, A.M.
245 1 _aAspectos da bioecologia de Menticirrhus americanus (Teleostei, Sciaenidae)na baia de Santos, SP, Brasil
650 _aBetara
650 _aPeixe Marinho
650 _aSao Paulo
773 0 _t
_xISSN 0046-9939
_g(1992), v. 19 p. 1-15
_wBR9501594
909 _a202311
_bLúcia
_c55
_dLúcia Elande
942 _2AGRIS
_n0
_cANA
999 _c143364
_d143364